Fr. Conceicao Rodrigues College of Engineering

Mobile Satellite Communication networks (Record no. 32281)

MARC details
000 -LEADER
fixed length control field 00365nam a2200157Ia 4500
082 ## - DEWEY DECIMAL CLASSIFICATION NUMBER
Classification number 384.51/SHE
Item number SHE
100 ## - MAIN ENTRY--PERSONAL NAME
Personal name Sheriff/Ray E
245 ## - TITLE STATEMENT
Title Mobile Satellite Communication networks
260 ## - PUBLICATION, DISTRIBUTION, ETC.
Name of publisher, distributor, etc. Wiley India
Place of publication, distribution, etc. New Delhi
Date of publication, distribution, etc. 2001
366 ## - TRADE AVAILABILITY INFORMATION
Publishers's discount category 20
300 ## - PHYSICAL DESCRIPTION
Extent 368
546 ## - LANGUAGE NOTE
Language note ENGLISH
650 ## - SUBJECT ADDED ENTRY--TOPICAL TERM
Topical term or geographic name entry element Satellite Communications
654 ## - SUBJECT ADDED ENTRY--FACETED TOPICAL TERMS
Focus term mobile
942 ## - ADDED ENTRY ELEMENTS (KOHA)
Koha item type BOOK
Holdings
Withdrawn status Lost status Damaged status Not for loan Collection Home library Current library Date acquired Source of acquisition Cost, normal purchase price Inventory number Total Checkouts Full call number Barcode Date last seen Cost, replacement price Price effective from Koha item type
        CRC Fr. Agnel's C.Rodrigues College of Engineering Fr. Agnel's C.Rodrigues College of Engineering 17/03/2023 Ane Books India 183.20 352 dt 27/03/2008   384.51/SHE SHE 18669 17/03/2023 229.00   BOOK